00418 2200145 4500001002100000005001500021008004100036035001900077082000800096090001400104100001800118245009300136260002300229300002000252INLIS00000000001818320241224115444241224||||||||| | ||| |||| ||  0010-12240181830 a418 a418 Yul d0 aYandianto dkk00aPenunjang Pembelajaran Bahasa Indonesia : Daftar Kosakata Bahasa Indonesia Sekolah Dasar aBandungbM2Sc2000 a304 hlm.; 21 cm